espagnol vocabulaire : santé - Statistiques

Statistiques générales
  • Ce quiz a été pris 19 fois
  • Le résultat moyen est 14 sur 192
Statistiques - réponses
Français Espagnol % Correct
le stress el estrés
64%
la fatigue el cansancio
55%
la souffrance el sufrimiento, el padecimiento
45%
la fièvre la fiebre, la calentura
45%
la grippe la gripe
45%
la toux la tos
45%
le malade el enfermo
36%
la consultation la consulta
36%
l'épuisement el agotamiento
27%
le pharmacien el farmacéutico
27%
le malaise el malestar
27%
la blessure la herida
27%
la syphilis la sífilis
27%
prescir prescribir
27%
attraper une maladie coger, contraer una enfermedad
18%
le cendrier el cenicero
18%
le chirurgien el cirujano
18%
l'infirmier el enfermero
18%
l'infarctus el infarto
18%
l'asile d'aliénés el manicomio
18%
être en pleine forme estar en gran forma
18%
éprouver un malaise estar mareado
18%
être patraque estar pachucho
18%
être décontracté estar relajado
18%
fiévreux febril
18%
la carie la caries
18%
le diabète la diabetes
18%
l'herbe la hierba, la yerba
18%
l'invalidité la invalidez
18%
la brûlure la quemadura
18%
le vaccin la vacuna
18%
les troubles los trastornos
18%
avoir mal au coeur marearse
18%
aller mieux mejorarse
18%
saigner sangrar
18%
être en bonne santé andar bien de salud
9%
carié cariado
9%
se shooter chutarse
9%
affaibli debilitado
9%
s'évanouir desmayarse
9%
avoir mal à, faire mal dolorle a uno, hacer daño
9%
la maladie légère el achaque
9%
le vaccin antigrippe el antigripal
9%
la crise cardiaque el ataque cardiaco
9%
la crampe el calambre
9%
le cabinet médical el consultorio
9%
le guérisseur el curandero
9%
le défunt el difunto, el finado
9%
la constipation el estreñimiento
9%
le haschisch el hachís
9%
le CHU el hospital universitario
9%
le sirop el jarabe
9%
le briquet el mechero
9%
le médecin conventionné el médico de la Seguridad Social
9%
le médecin non conventionné el médico privado
9%
le psychanaliste el psicoanalista
9%
le bridge el puente
9%
le cigare el puro
9%
le rhume el resfriado
9%
le sérum el suero
9%
le vomissement el vómito
9%
maladif enfermizo
9%
être gravement malade estar enfermo de gravedad
9%
bossu jorobado
9%
la maladie la afección
9%
l'ampoule la ampolla
9%
l'angine la angina
9%
la bronchite la bronquitis
9%
la cécité la ceguera
9%
la crise de foie la crisis hepática
9%
le dentier la dentadura postiza
9%
maladie bénigne la enfermedad leve
9%
la seringue la jeringuilla
9%
la mutité la mudez
9%
la névrose la neurosis
9%
le test la prueba
9%
la rage la rabia
9%
la réaction de rejet la reacción de rechazo
9%
l'ordonnance la receta
9%
le coup de filer, la rafle la redada
9%
le fauteuil roulant la silla de ruedas
9%
la prise de sang la toma de sangre
9%
blanchir de l'argent lavar dinero
9%
les opiacés los opiáceos
9%
les symptômes los síntomas
9%
prendre rdv pedir hora
9%
se piquer picarse
9%
ordonner (une ordonnance) recetar
9%
se casser une jambe romperse una pierna
9%
borgne tuerto
9%
blessé léger un herido leve
9%
bander vendar
9%
boiter cojear
0%
se détériorer dar un bajón
0%
être déprimé deprimirse
0%
l'hôpital de jour, le dispensaire el ambulatorio
0%
l'asthme el asma
0%
la canne el bastón
0%
l'armoire à pharmacie el botiquín
0%
le brancardier el camillero
0%
la cartouche el cartón
0%
le bilan de santé el chequeo médico
0%
la bosse el chichón
0%
le shit el chocolate
0%
le service des urgences el departamento de urgencias
0%
le saignement el desangrimiento
0%
l'handicapé el disminuido
0%
le mal de gorge el dolor de garganta
0%
la rage de dents el dolor de muelas
0%
le camé el drogata
0%
l'acharnement thérapeutique el encarnizamiento terapéutico
0%
le refroidissement el enfriamiento
0%
l'entorse el esguince
0%
le bureau de tabac el estanco
0%
l'agent de la brigade des stups el estupa
0%
le stupéfiant el estupefaciente
0%
le groupe sanguin el grupo sanguíneo
0%
le non-voyant el invidente
0%
le blanchiment d'argent el lavado de dinero
0%
le masseur el masajista
0%
le médecin traitant el médico de cabecera
0%
le généraliste el médico de medicina general
0%
le petit dealer el minorista, el camello
0%
le mourant el moribundo
0%
l'oto-rhino-laryngologiste el otorrinolaringológo
0%
le joint el porro
0%
le bloc opératoire el quirófano
0%
l'examen médical el reconocimiento médico
0%
les rhumatismes el reúma
0%
la rougeole el sarampión
0%
le calmant el sedante
0%
l'assurance maladie el seguro de enfermedad
0%
l'assurance médicale el seguro médico
0%
la greffe el transplante
0%
plomber enfastar
0%
sniffer esnifar
0%
être atteint de estar aquejado de
0%
être défoncé estar colgado
0%
être sous perfusion estar con suero
0%
être dépendant des drogues dures (fam) estar enganchado
0%
être enroué estar ronco
0%
casser sa pipe (fam) estirar la pata
0%
décéder fallecer
0%
fumer la pipe fumar en pipa
0%
saisir incautarse de
0%
avaler ingerir
0%
les soins médicaux la asistencia médica
0%
le congé de maladie la baja de enfermedad
0%
la blennorragie la blenorragia
0%
le porte-cigarette la boquilla
0%
le brancard la camilla
0%
l'allumette la cerilla
0%
la chirurgie la cirugía
0%
la prise en charge par la Secu la cobertura de la Seguridad Social
0%
le mal la dolencia
0%
la drogue douce la droga blanda
0%
le plâtre la escayola
0%
l'enflure la hinchazón
0%
la saisie la incautación
0%
la migraine la jaqueca
0%
la seringue la jeringa
0%
la plaie la llaga
0%
la béquille la muleta
0%
la mutuelle la mutualidad
0%
le cachet la pastilla
0%
la pilule contraceptive la píldora contraceptiva
0%
la chimiothérapie la quimioterapia
0%
le contrôle la revisión
0%
les courbatures las agujetas
0%
les soins dentaires las curas dentales
0%
les maladies vénériennes las enfermedades venéreas
0%
la surdité la sordera
0%
le comprimé la tableta
0%
le pansement la tirita
0%
le service de soins intensifs la Unidad de Vigilancia Intensiva
0%
rouler une cigarette liar un pitillo
0%
les cultivateurs de cocaïne los campesinos cocaleros
0%
les boutons los granos
0%
mourir d'overdose morir por sobredosis
0%
recevoir dans son cabinet pasar consulta
0%
perdre connaissance perder sentido
0%
faire une piqûre poner una inyección
0%
être remboursé par la Secu quedar cubierto por la Seguridad Social
0%
faire baisser la tension sanguine rebaja la tensión senguinéa
0%
se rétablir recuperarse
0%
reprendre des forces reponer fuerzas
0%
être dépendant de se adicto a
0%
succomber à ses blessures sucumbir a sus heridas
0%
avoir la gueule de bois tener resaca
0%
prendre sa température tomarse la temperatura
0%
faire du trafic de drogue traficar con drogas
0%
greffer transplantar
0%
Aucun quiz correspondant
Distribution des résultats
% des personnes avec chaque résultat
Percentile par nombre de réponses
Votre historique - résultats
Vous n’avez pas pris ce quiz